| 000 | 00431cam a22001337a 4500 | ||
|---|---|---|---|
| 008 | 180718b1944 xxu||||| |||| 00| 0 eng d | ||
| 082 | _aCOx54074 Su72 | ||
| 100 | _aSundram, Lanka | ||
| 245 |
_aSecular state for India: thoughts on India's political future _cby Lanka Sundram |
||
| 260 |
_aDelhi _bRajkamal Publication _c1944 |
||
| 300 | _a114p. | ||
| 650 | _aIndia --Religion | ||
| 650 | _aIndia --Politics and government --1919-1947 | ||
| 999 |
_c501842 _d501842 |
||